Meilleurs pays du monde en taekwondo - Statistiques

Statistiques générales
  • Ce quiz a été pris 86 fois
  • Le résultat moyen est 22 sur 30
Statistiques - réponses
Rang Nombre de médailles
or + argent + bronze
Pays % Correct
Jeux olympiques 3 11 France
100%
Cumul JO et Championnats du monde 10 50 France
100%
Championnats du monde 9 47 Chine
93%
Jeux olympiques 2 13 Chine
93%
Cumul JO et Championnats du monde 8 60 Chine
93%
Championnats du monde 1 249 Corée-du-Sud
93%
Jeux olympiques 1 25 Corée-du-Sud
93%
Cumul JO et Championnats du monde 1 274 Corée-du-Sud
93%
Championnats du monde 6 75 Etats-Unis
92%
Jeux olympiques 3 11 Etats-Unis
92%
Cumul JO et Championnats du monde 5 86 Etats-Unis
92%
Championnats du monde 2 122 Espagne
86%
Jeux olympiques 9 7 Espagne
86%
Cumul JO et Championnats du monde 2 129 Espagne
86%
Jeux olympiques 5 10 Royaume-Uni
81%
Championnats du monde 10 42 Russie
80%
Championnats du monde 8 54 Allemagne
78%
Cumul JO et Championnats du monde 9 54 Allemagne
78%
Championnats du monde 4 78 Turquie
65%
Jeux olympiques 7 9 Turquie
65%
Cumul JO et Championnats du monde 4 87 Turquie
65%
Championnats du monde 5 76 Mexique
58%
Jeux olympiques 9 7 Mexique
58%
Cumul JO et Championnats du monde 6 83 Mexique
58%
Championnats du monde 7 64 Iran
34%
Jeux olympiques 5 10 Iran
34%
Cumul JO et Championnats du monde 7 74 Iran
34%
Championnats du monde 3 84 Taïwan
23%
Jeux olympiques 7 9 Taïwan
23%
Cumul JO et Championnats du monde 3 93 Taïwan
23%
Aucun quiz correspondant
Distribution des résultats
% des personnes avec chaque résultat
Percentile par nombre de réponses
Votre historique - résultats
Vous n’avez pas pris ce quiz